[Event "4NCL Division 3 North"]
[Site "Doncaster, ENG"]
[Date "2018.05.07"]
[Round "11.11"]
[White "Thorarinsson, Pall A."]
[Black "Bennett, Patrick"]
[Result "1/2-1/2"]
[WhiteElo "2275"]
[BlackElo "2013"]
[PlyCount "68"]
[EventDate "2018.05.07"]
[WhiteTeam "Gonzaga"]
[BlackTeam "Holmes Chapel"]

1. f4 d5 2. Nf3 g6 3. g3 Bg7 4. Bg2 Nf6 5. O-O O-O 6. d3 c5 7. c3 Nc6 8. Na3
Rb8 9. c4 d4 10. Bd2 Re8 11. Nc2 b5 12. cxb5 Rxb5 13. b3 Nd5 14. Na3 Rb8 15.
Ng5 Ncb4 16. Ne4 Ne3 17. Bxe3 dxe3 18. Nxc5 Bxa1 19. Qxa1 Qa5 20. Na4 Bg4 21.
Nc4 Qd8 22. Bf3 Bxf3 23. Rxf3 Nd5 24. Nc3 Nxc3 25. Qxc3 Qc7 26. Rxe3 Rb5 27. b4
Rh5 28. a3 Qc8 29. Qe1 f6 30. Qf2 Qd7 31. Re4 Kf8 32. Qe3 Qh3 33. Qf2 Qd7 34.
Qe3 Qh3 1/2-1/2

[Event "4NCL Division 3 North"]
[Site "Doncaster, ENG"]
[Date "2018.05.07"]
[Round "11.12"]
[White "Doran, Chris"]
[Black "Freeman, Gordon"]
[Result "0-1"]
[WhiteElo "1964"]
[BlackElo "2175"]
[PlyCount "78"]
[EventDate "2018.05.07"]
[WhiteTeam "Holmes Chapel"]
[BlackTeam "Gonzaga"]

1. e4 d6 2. d4 Nf6 3. Nc3 e5 4. Nf3 Nbd7 5. Bc4 Be7 6. O-O O-O 7. h3 c6 8. a4
Qc7 9. Re1 b6 10. Bb3 a6 11. Bg5 Bb7 12. Qe2 Rae8 13. dxe5 dxe5 14. Nh4 Nc5 15.
Ba2 Ne6 16. Bxe6 fxe6 17. Be3 Bb4 18. f3 Nh5 19. Kh2 Qe7 20. g3 c5 21. Rf1 g5
22. Ng2 Bxc3 23. bxc3 h6 24. Rab1 Qc7 25. Qc4 Bc6 26. Qxa6 Rb8 27. Qc4 Rf6 28.
Rf2 Ra8 29. Ra1 Qf7 30. Ne1 Ng7 31. Kg2 Qg6 32. g4 Raf8 33. Qe2 h5 34. Nd3 hxg4
35. hxg4 Rxf3 36. Rxf3 Qxe4 37. Nf2 Qxf3+ 38. Qxf3 Rxf3 39. Bd2 Rd3+ 0-1

[Event "4NCL Division 3 North"]
[Site "Doncaster, ENG"]
[Date "2018.05.07"]
[Round "11.14"]
[White "Pearson, Raymond"]
[Black "Murray, David"]
[Result "0-1"]
[WhiteElo "1901"]
[BlackElo "2151"]
[PlyCount "74"]
[EventDate "2018.05.07"]
[WhiteTeam "Holmes Chapel"]
[BlackTeam "Gonzaga"]

1. c4 Nf6 2. Nc3 c5 3. Nf3 Nc6 4. g3 g6 5. Bg2 Bg7 6. O-O O-O 7. d4 cxd4 8.
Nxd4 d6 9. Nxc6 bxc6 10. Bxc6 Rb8 11. Qa4 Bh3 12. Bg2 Bxg2 13. Kxg2 Nd7 14.
Qxa7 Bxc3 15. bxc3 Nc5 16. Qa3 Qc8 17. Bh6 Qc6+ 18. f3 Ra8 19. Qc1 Rfc8 20. Qg5
Ra7 21. Rf2 Ne6 22. Qd5 Qxc4 23. Qxc4 Rxc4 24. Rb1 f6 25. f4 Kf7 26. h4 Rxa2
27. Rb8 Rxc3 28. e3 Rcc2 29. Rxc2 Rxc2+ 30. Kf3 Nc5 31. Rf8+ Ke6 32. Rh8 f5 33.
e4 fxe4+ 34. Kg4 e3 35. Rxh7 e2 36. Bf8 Kd5 37. Rxe7 Ne6 0-1

[Event "4NCL Division 3 North"]
[Site "Doncaster, ENG"]
[Date "2018.05.07"]
[Round "11.15"]
[White "Jackson, Carl"]
[Black "Roberts, Malcolm A"]
[Result "1-0"]
[WhiteElo "2152"]
[BlackElo "1629"]
[PlyCount "109"]
[EventDate "2018.05.07"]
[WhiteTeam "Gonzaga"]
[BlackTeam "Holmes Chapel"]

1. g3 e5 2. Bg2 Nf6 3. c4 c6 4. Nc3 Be7 5. d4 exd4 6. Qxd4 d6 7. Nf3 Nbd7 8.
O-O O-O 9. e4 c5 10. Qd3 Ne5 11. Nxe5 dxe5 12. Rd1 Bg4 13. f3 Qxd3 14. Rxd3 Be6
15. Nd5 Nxd5 16. cxd5 Bd7 17. Be3 c4 18. Rc3 b5 19. b3 Bb4 20. Rc2 Rfc8 21.
bxc4 bxc4 22. Bf1 Bb5 23. Rb1 Bc5 24. Kf2 a6 25. Bxc5 Rxc5 26. Ke3 f6 27. f4
Rac8 28. Rbc1 Kf8 29. fxe5 fxe5 30. Bh3 Rd8 31. Rf2+ Ke7 32. Rf5 Kd6 33. Rf7
Rc7 34. Rxc7 Kxc7 35. Bf1 Kd6 36. Bxc4 Rc8 37. Kd3 a5 38. Rc2 Be8 39. Rb2 Rc7
40. Rb6+ Kc5 41. Re6 Ba4 42. Bb3 Bb5+ 43. Ke3 a4 44. Bd1 Kb4 45. Rxe5 Ka3 46.
d6 Rc3+ 47. Kf4 Bc6 48. Be2 Kxa2 49. Bb5 a3 50. Bxc6 Rxc6 51. d7 Rd6 52. Rd5
Rxd5 53. exd5 Kb2 54. d8=Q a2 55. Qb6+ 1-0

[Event "4NCL Division 3 North"]
[Site "Doncaster, ENG"]
[Date "2018.05.07"]
[Round "11.16"]
[White "Jones, Dewi"]
[Black "O'Connor, Eddie"]
[Result "0-1"]
[WhiteElo "1516"]
[BlackElo "1979"]
[PlyCount "76"]
[EventDate "2018.05.07"]
[WhiteTeam "Holmes Chapel"]
[BlackTeam "Gonzaga"]

1. e4 e6 2. d4 d5 3. exd5 exd5 4. Bd3 Nf6 5. Nf3 Be7 6. O-O Bg4 7. Bg5 O-O 8.
Nbd2 c5 9. Be2 Nc6 10. Ne5 Bxe2 11. Nxc6 bxc6 12. Qxe2 cxd4 13. Nb3 h6 14. Nxd4
Qd7 15. Bh4 c5 16. Nf3 Rfe8 17. Qd3 Rab8 18. b3 Rb6 19. Rad1 Ra6 20. Bg3 Re6
21. Be5 Bf8 22. Bxf6 Rxf6 23. Qxd5 Rd6 24. Ne5 Rxe5 25. Qxe5 Rxd1 26. Qe2 Rxf1+
27. Kxf1 Qd4 28. c4 Qa1+ 29. Qe1 Qxe1+ 30. Kxe1 Bd6 31. Ke2 Kf8 32. Ke3 Ke7 33.
f4 Ke6 34. Ke4 f5+ 35. Kf3 g5 36. g3 Kf6 37. h4 gxh4 38. gxh4 Kg6 0-1

[Event "4NCL Division 3 North"]
[Site "Doncaster, ENG"]
[Date "2018.05.07"]
[Round "11.21"]
[White "Rutter, Nick J"]
[Black "Mercs, Peter J"]
[Result "0-1"]
[WhiteElo "2290"]
[BlackElo "2095"]
[PlyCount "80"]
[EventDate "2018.05.07"]
[WhiteTeam "Shropshire 1"]
[BlackTeam "Ashfield-Breadsall 1"]

1. e4 c5 2. Nf3 d6 3. d4 cxd4 4. Nxd4 Nf6 5. Nc3 Nc6 6. Bg5 e6 7. Qd2 a6 8.
O-O-O Bd7 9. f4 b5 10. Bxf6 gxf6 11. Kb1 Rb8 12. Nxc6 Bxc6 13. f5 h5 14. Bd3
Bh6 15. Qe2 Bf4 16. fxe6 fxe6 17. e5 Bxe5 18. Bg6+ Ke7 19. Bxh5 b4 20. Qg4 Rg8
21. Qc4 bxc3 22. b3 Bb5 23. Qe4 Rg7 24. Rhe1 Qa5 25. Ka1 Qa3 26. Rb1 Qc5 27.
Bf3 Qd4 28. Qxd4 Bxd4 29. Rbd1 Bf2 30. Rh1 Rh8 31. a4 Be8 32. Rhf1 Bc5 33. h3
Rh4 34. Bb7 f5 35. Rde1 Kf6 36. Bxa6 Rxg2 37. Bc4 e5 38. Bd3 f4 39. a5 Bc6 40.
a6 f3 0-1

[Event "4NCL Division 3 North"]
[Site "Doncaster, ENG"]
[Date "2018.05.07"]
[Round "11.22"]
[White "Somton, Anita"]
[Black "Hurney, Kevin"]
[Result "0-1"]
[WhiteElo "1967"]
[BlackElo "2170"]
[PlyCount "110"]
[EventDate "2018.05.07"]
[WhiteTeam "Ashfield-Breadsall 1"]
[BlackTeam "Shropshire 1"]

1. e4 d6 2. Nc3 g6 3. f4 c5 4. Nf3 Bg7 5. d4 cxd4 6. Nxd4 Nc6 7. Bb5 Bd7 8.
Bxc6 bxc6 9. Be3 Nf6 10. h3 Qa5 11. O-O O-O 12. Qe1 Rab8 13. Nb3 Qc7 14. Qf2
Rb7 15. Rad1 Be6 16. Rfe1 a5 17. f5 Bc4 18. Nd2 Ba6 19. b3 d5 20. Na4 Nd7 21.
Nc5 Nxc5 22. Bxc5 Be5 23. Nf1 Rd8 24. Kh1 dxe4 25. Rxd8+ Qxd8 26. c4 a4 27.
Rxe4 Bf6 28. fxg6 hxg6 29. Qc2 axb3 30. axb3 Rd7 31. Re1 Bc8 32. b4 Kg7 33. Be3
Rd3 34. b5 cxb5 35. cxb5 Rc3 36. Qe2 Bb7 37. Rd1 Qc8 38. Kg1 Rc2 39. Nd2 Qc7
40. Qf2 Rb2 41. b6 Qc6 42. Rb1 Rc2 43. Rf1 Qd5 44. Rd1 Rc3 45. Re1 Rxe3 46.
Rxe3 Bd4 47. Nf1 Bxb6 48. Kh1 Ba6 49. Qb2+ Bd4 50. Qc1 Bxf1 51. Rf3 Be2 52. Rg3
Qf5 53. Rb3 e5 54. Ra3 Bd3 55. Qd1 e4 0-1

[Event "4NCL Division 3 North"]
[Site "Doncaster, ENG"]
[Date "2018.05.07"]
[Round "11.25"]
[White "Higgie, Charles L"]
[Black "Naylor, Michael A"]
[Result "0-1"]
[WhiteElo "2050"]
[BlackElo "1982"]
[PlyCount "76"]
[EventDate "2018.05.07"]
[WhiteTeam "Shropshire 1"]
[BlackTeam "Ashfield-Breadsall 1"]

1. d4 d5 2. c4 e6 3. Nc3 Be7 4. Nf3 Nf6 5. Bg5 O-O 6. e3 h6 7. Bh4 b6 8. Bxf6
Bxf6 9. cxd5 exd5 10. Be2 Be6 11. O-O c5 12. Rc1 Qe7 13. dxc5 bxc5 14. Na4 Nd7
15. Qc2 Rab8 16. b3 Rfc8 17. e4 c4 18. exd5 Bxd5 19. bxc4 Bc6 20. Rfe1 Qa3 21.
Nc3 Rb2 22. Qd3 Rxe2 23. Qxe2 Bxc3 24. Qe3 Bb2 25. Rb1 Qxe3 26. Rxe3 Bf6 27.
Ra3 Bxf3 28. gxf3 Bd4 29. Ra4 Bb6 30. Re1 Nc5 31. Ra3 Ne6 32. Re4 g5 33. h4 Kg7
34. hxg5 hxg5 35. Rc3 Kg6 36. Kg2 Nf4+ 37. Kg3 Rh8 38. Rxf4 Bc7 0-1

[Event "4NCL Division 3 North"]
[Site "Doncaster, ENG"]
[Date "2018.05.07"]
[Round "11.32"]
[White "Boswell, Jacob Connor"]
[Black "Adams, Philip"]
[Result "1/2-1/2"]
[WhiteElo "2072"]
[BlackElo "2147"]
[PlyCount "73"]
[EventDate "2018.05.07"]
[WhiteTeam "Cheddleton 2"]
[BlackTeam "3Cs 2"]

1. d4 g6 2. e4 Bg7 3. c3 d6 4. Be3 Nf6 5. Nd2 O-O 6. Bc4 Nc6 7. Ngf3 e5 8. dxe5
Nxe5 9. Nxe5 dxe5 10. O-O b6 11. f3 Qe7 12. Qe2 a5 13. Rad1 Bb7 14. Nb1 Nh5 15.
Rd2 Nf4 16. Bxf4 exf4 17. Rfd1 Rad8 18. Bd5 c6 19. Bb3 Be5 20. Na3 b5 21. Rxd8
Rxd8 22. Rxd8+ Qxd8 23. Qd1 Qb6+ 24. Kf1 a4 25. Qd7 axb3 26. Qe8+ Kg7 27. Qxe5+
Kg8 28. axb3 Qe3 29. Qb8+ Kg7 30. Qxb7 Qc1+ 31. Ke2 Qxb2+ 32. Kd3 Qxa3 33. Qxc6
Qxb3 34. e5 b4 35. Qf6+ Kg8 36. Qd8+ Kg7 37. Qf6+ 1/2-1/2

[Event "4NCL Division 3 North"]
[Site "Doncaster, ENG"]
[Date "2018.05.07"]
[Round "11.33"]
[White "Taylor, Mike"]
[Black "Acey, Gerald"]
[Result "1/2-1/2"]
[WhiteElo "1937"]
[BlackElo "2133"]
[PlyCount "56"]
[EventDate "2018.05.07"]
[WhiteTeam "3Cs 2"]
[BlackTeam "Cheddleton 2"]

1. d4 d5 2. c4 e6 3. Nc3 Nf6 4. cxd5 exd5 5. Bg5 Be7 6. e3 c6 7. Bd3 O-O 8. Nf3
Nbd7 9. O-O Re8 10. Qc2 Nf8 11. Bxf6 Bxf6 12. b4 Be7 13. b5 Bd6 14. bxc6 bxc6
15. h3 Bd7 16. Bf5 Bxf5 17. Qxf5 Re6 18. Qd3 Ng6 19. Rab1 Rf6 20. e4 Nf4 21.
Qe3 Rg6 22. Ne1 dxe4 23. Nxe4 Nd5 24. Qf3 Bc7 25. Nd3 Nf6 26. Ne5 Nxe4 27. Qxe4
Re6 28. Qf3 Bxe5 1/2-1/2

[Event "4NCL Division 3 North"]
[Site "Doncaster, ENG"]
[Date "2018.05.07"]
[Round "11.41"]
[White "Watson, Phil R"]
[Black "Sullivan, Daniel"]
[Result "1/2-1/2"]
[WhiteElo "2121"]
[BlackElo "1954"]
[PlyCount "45"]
[EventDate "2018.05.07"]
[WhiteTeam "Bradford DCA Knights A"]
[BlackTeam "Bradford DCA Knights B"]

1. d4 Nf6 2. c4 e6 3. Nc3 Bb4 4. e3 b6 5. Bd3 Bb7 6. Nf3 Ne4 7. Qc2 f5 8. O-O
Bxc3 9. bxc3 O-O 10. Bb2 d6 11. Rad1 Nd7 12. Nd2 Qh4 13. f3 Nxd2 14. Rxd2 Rf7
15. Re2 Raf8 16. Bc1 e5 17. g3 Qh5 18. Ref2 e4 19. fxe4 Bxe4 20. Bxe4 fxe4 21.
Rf4 g5 22. Rxf7 Rxf7 23. Rxf7 1/2-1/2

[Event "4NCL Division 3 North"]
[Site "Doncaster, ENG"]
[Date "2018.05.07"]
[Round "11.51"]
[White "Paterson, Andrew I"]
[Black "Lyth, John D"]
[Result "1/2-1/2"]
[WhiteElo "2065"]
[BlackElo "1990"]
[PlyCount "112"]
[EventDate "2018.05.07"]
[WhiteTeam "Warwickshire Select 2"]
[BlackTeam "Manchester Manticores 2"]

1. c4 c6 2. e4 e5 3. g3 Nf6 4. Bg2 Bc5 5. Nc3 O-O 6. Nge2 a5 7. O-O Na6 8. d4
exd4 9. Nxd4 d6 10. h3 Nc7 11. Kh2 Be6 12. b3 Nd7 13. Na4 Ba7 14. Ba3 Nc5 15.
Nc3 Qe7 16. Qc2 Rad8 17. Rad1 Bc8 18. f4 g6 19. Rfe1 f6 20. Bb2 N5e6 21. Nf3
Ng7 22. Ba3 Bc5 23. Bb2 Ba7 24. Re2 Na6 25. Rde1 Nc5 26. Bc1 Na6 27. a3 Ne6 28.
Rd1 Bb8 29. Qd2 Nac5 30. Qb2 Qg7 31. Be3 Rfe8 32. Bf2 Nf8 33. Bxc5 dxc5 34.
Rxd8 Rxd8 35. Na4 Ne6 36. Rd2 Rf8 37. Nb6 Qc7 38. Nxc8 Qxc8 39. e5 f5 40. b4
axb4 41. axb4 Rd8 42. b5 Rxd2 43. Qxd2 Qd8 44. bxc6 bxc6 45. Qxd8+ Nxd8 46. Nd2
Kf7 47. Nb3 Ba7 48. Na5 Bb6 49. Nxc6 Nxc6 50. Bxc6 h6 51. g4 fxg4 52. hxg4 g5
53. Kg3 gxf4+ 54. Kxf4 Ba5 55. Ke4 Ke6 56. Bd5+ Ke7 1/2-1/2

[Event "4NCL Division 3 North"]
[Site "Doncaster, ENG"]
[Date "2018.05.07"]
[Round "11.53"]
[White "Purcell, Philip"]
[Black "Webster, Richard J"]
[Result "1/2-1/2"]
[WhiteElo "2035"]
[BlackElo "1982"]
[PlyCount "70"]
[EventDate "2018.05.07"]
[WhiteTeam "Warwickshire Select 2"]
[BlackTeam "Manchester Manticores 2"]

1. d4 d5 2. c4 c6 3. Nc3 Nf6 4. e3 g6 5. Nf3 Bg7 6. Bd3 O-O 7. O-O Nbd7 8. b3
Re8 9. cxd5 cxd5 10. Bb2 e5 11. Nxe5 Nxe5 12. dxe5 Rxe5 13. Ne2 Rh5 14. Bxf6
Bxf6 15. Ng3 Re5 16. Qd2 d4 17. e4 Bd7 18. f4 Re7 19. e5 Bg7 20. Be4 Bb5 21.
Rfd1 Rd7 22. a4 Bc6 23. Rac1 Qb6 24. Qd3 Bf8 25. Rc4 Rad8 26. Rdc1 Bxe4 27.
Nxe4 Be7 28. Kh1 Kg7 29. Rf1 Rd5 30. g4 f6 31. exf6+ Bxf6 32. Rfc1 Be7 33. Rc7
R5d7 34. Rxd7 Rxd7 35. Rc4 a5 1/2-1/2

[Event "4NCL Division 3 North"]
[Site "Doncaster, ENG"]
[Date "2018.05.07"]
[Round "11.55"]
[White "Turner, Simon"]
[Black "Altham, John T"]
[Result "0-1"]
[WhiteElo "1952"]
[BlackElo "1892"]
[PlyCount "80"]
[EventDate "2018.05.07"]
[WhiteTeam "Warwickshire Select 2"]
[BlackTeam "Manchester Manticores 2"]

1. d4 d6 2. c4 Nd7 3. Nc3 Ngf6 4. e4 e5 5. d5 Be7 6. Bd3 c6 7. Nge2 Qc7 8. Ng3
g6 9. O-O h5 10. h3 h4 11. Nge2 Nh5 12. Be3 g5 13. f3 Nf4 14. Nxf4 gxf4 15. Bf2
Nf8 16. b4 Nh7 17. Rc1 Rg8 18. Kh2 Nf6 19. c5 Qd7 20. Rg1 Nh5 21. dxc6 bxc6 22.
b5 Bb7 23. bxc6 Bxc6 24. cxd6 Qxd6 25. Qc2 Kf8 26. Rcd1 Kg7 27. Bb5 Qe6 28.
Bxc6 Qxc6 29. Qd3 a5 30. Rc1 Ng3 31. Nd5 Qe6 32. Nc7 Qxa2 33. Nxa8 Qxf2 34. Rc2
Qa7 35. Nc7 Rd8 36. Nd5 Bc5 37. Rb1 a4 38. Qc3 Bd4 39. Qc6 Nh5 40. Ra2 Ra8 0-1

[Event "4NCL Division 3 North"]
[Site "Doncaster, ENG"]
[Date "2018.05.07"]
[Round "11.61"]
[White "White, Mark W"]
[Black "Johnson, Michael D"]
[Result "1/2-1/2"]
[WhiteElo "2027"]
[BlackElo "1983"]
[PlyCount "47"]
[EventDate "2018.05.07"]
[WhiteTeam "Jorvik"]
[BlackTeam "Spirit of Atticus B"]

1. e4 e6 2. d4 d5 3. Bd3 c5 4. exd5 exd5 5. dxc5 Bxc5 6. Nf3 Qe7+ 7. Be2 Nf6 8.
O-O O-O 9. Bg5 Be6 10. Nc3 Rd8 11. Qd3 Nc6 12. a3 a6 13. Rae1 h6 14. Bh4 Rd7
15. Bd1 Qd8 16. Bg3 Bd6 17. Bxd6 Rxd6 18. Nd4 Nxd4 19. Qxd4 Qb6 20. Qe5 Re8 21.
Qg3 Rc6 22. Na4 Qa5 23. Nc3 Qb6 24. Na4 1/2-1/2

[Event "4NCL Division 3 North"]
[Site "Doncaster, ENG"]
[Date "2018.05.07"]
[Round "11.63"]
[White "Mounce, Richard B"]
[Black "Cooper, John G"]
[Result "1/2-1/2"]
[WhiteElo "1967"]
[BlackElo "1923"]
[PlyCount "43"]
[EventDate "2018.05.07"]
[WhiteTeam "Jorvik"]
[BlackTeam "Spirit of Atticus B"]

1. e4 c5 2. Nf3 e6 3. d4 cxd4 4. Nxd4 Nc6 5. Nb5 d6 6. c4 a6 7. N5c3 Nf6 8. Be3
Be7 9. Be2 O-O 10. O-O b6 11. Nd2 Bb7 12. f4 d5 13. cxd5 exd5 14. exd5 Nb4 15.
d6 Qxd6 16. Nc4 Qc6 17. Bf3 Qxc4 18. Bxb7 Rab8 19. Qf3 Nc2 20. Rac1 Rxb7 21.
Rxc2 Rd7 22. Qe2 1/2-1/2

[Event "4NCL Division 3 North"]
[Site "Doncaster, ENG"]
[Date "2018.05.07"]
[Round "11.65"]
[White "Cowan, Richard M"]
[Black "Bromley, Graham J"]
[Result "1-0"]
[WhiteElo "1869"]
[BlackElo "1900"]
[PlyCount "51"]
[EventDate "2018.05.07"]
[WhiteTeam "Jorvik"]
[BlackTeam "Spirit of Atticus B"]

1. Nf3 Nf6 2. c4 e6 3. g3 d5 4. Bg2 c6 5. b3 Be7 6. O-O O-O 7. Bb2 Nbd7 8. d3
b5 9. Nbd2 bxc4 10. bxc4 Qa5 11. Qc2 Rb8 12. Nd4 Qa6 13. e3 Nc5 14. a4 Bd7 15.
N4f3 Rfc8 16. Ne5 Be8 17. h3 Rb7 18. Ba3 Rbc7 19. d4 Nb7 20. Bxe7 Rxe7 21. c5
Na5 22. Rfb1 Rcc7 23. Bf1 Qc8 24. Qc3 Nb7 25. a5 Qa8 26. Rb3 1-0

[Event "4NCL Division 3 North"]
[Site "Doncaster, ENG"]
[Date "2018.05.07"]
[Round "11.66"]
[White "Stuttard, David"]
[Black "Flint, Martina"]
[Result "1/2-1/2"]
[WhiteElo "1757"]
[BlackElo "1829"]
[PlyCount "89"]
[EventDate "2018.05.07"]
[WhiteTeam "Spirit of Atticus B"]
[BlackTeam "Jorvik"]

1. e4 g6 2. d4 Bg7 3. Nf3 d6 4. Nc3 c6 5. h3 Nf6 6. Bc4 O-O 7. Bg5 h6 8. Bh4 b5
9. Bxf6 exf6 10. Bb3 Qe7 11. a3 a6 12. O-O Nd7 13. Re1 Bb7 14. Qd2 c5 15. Bd5
Nb6 16. Bxb7 Qxb7 17. Qf4 Rad8 18. Rad1 b4 19. axb4 cxb4 20. Nb1 Qc7 21. c3 Nc4
22. cxb4 Nxb2 23. Rd2 Na4 24. Ra2 Qc6 25. Rc1 Qb5 26. Nc3 Nxc3 27. Rxc3 Qxb4
28. Rca3 Rfe8 29. Rxa6 Qb1+ 30. Kh2 Qxe4 31. Qxe4 Rxe4 32. d5 f5 33. Rc2 Rb4
34. Rc7 g5 35. Raa7 Rf8 36. g3 g4 37. hxg4 fxg4 38. Nh4 Bd4 39. Ra2 Be5 40. Nf5
Kh7 41. Ra6 Rb5 42. Ne3 h5 43. Rd7 Kg6 44. Nc4 Rxd5 45. Nxe5+ 1/2-1/2

[Event "4NCL Division 3 North"]
[Site "Doncaster, ENG"]
[Date "2018.05.07"]
[Round "11.71"]
[White "Harman, George"]
[Black "Collins, Richard A"]
[Result "1/2-1/2"]
[WhiteElo "1750"]
[BlackElo "1900"]
[PlyCount "46"]
[EventDate "2018.05.07"]
[WhiteTeam "3Cs 3"]
[BlackTeam "Manchester Manticores 3"]

1. e4 c5 2. Nf3 a6 3. d4 cxd4 4. Nxd4 Nf6 5. Nc3 e5 6. Nb3 Bb4 7. Bc4 Qc7 8.
Qd3 b5 9. Bd5 Nc6 10. O-O Bb7 11. Be3 Be7 12. a3 d6 13. f3 Rc8 14. Rad1 O-O 15.
Rd2 Nd8 16. Bxb7 Nxb7 17. Nd5 Nxd5 18. Qxd5 Rfd8 19. Nc1 Nc5 20. c4 bxc4 21.
Qxc4 Qb7 22. Rfd1 h6 23. Qd5 Qxd5 1/2-1/2

[Event "4NCL Division 3 North"]
[Site "Doncaster, ENG"]
[Date "2018.05.07"]
[Round "11.72"]
[White "Lonsdale, Jon I"]
[Black "Doherty, Paul"]
[Result "0-1"]
[WhiteElo "1855"]
[BlackElo "1697"]
[PlyCount "70"]
[EventDate "2018.05.07"]
[WhiteTeam "Manchester Manticores 3"]
[BlackTeam "3Cs 3"]

1. e4 e6 2. d4 d5 3. e5 c5 4. c3 Bd7 5. a3 Qb6 6. Nf3 Bb5 7. b4 cxb4 8. Bxb5+
Qxb5 9. cxb4 Nd7 10. Qe2 Qc6 11. O-O Rc8 12. Bd2 Nb6 13. a4 Qc4 14. Qxc4 Nxc4
15. b5 g6 16. Rc1 Ne7 17. Bb4 Bh6 18. Rc3 a5 19. bxa6 bxa6 20. g4 Bf4 21. Na3
Kd7 22. Bc5 Na5 23. Rb1 Nec6 24. Rb6 Ra8 25. Rc2 Rhb8 26. Rcb2 Bc1 27. Rxb8
Rxb8 28. Rxb8 Nxb8 29. Nc2 Nbc6 30. Nfe1 Nb3 31. Bb6 Bb2 32. Nf3 Kc8 33. Ng5
Kb7 34. Bc5 Nxc5 35. dxc5 Nxe5 0-1

[Event "4NCL Division 3 North"]
[Site "Doncaster, ENG"]
[Date "2018.05.07"]
[Round "11.75"]
[White "Rigby, Stephen"]
[Black "Gawne, Martin"]
[Result "1/2-1/2"]
[WhiteElo "1622"]
[BlackElo "1817"]
[PlyCount "81"]
[EventDate "2018.05.07"]
[WhiteTeam "3Cs 3"]
[BlackTeam "Manchester Manticores 3"]

1. d4 Nf6 2. Nf3 d6 3. e3 Nbd7 4. Bd3 e5 5. dxe5 dxe5 6. Nbd2 Bc5 7. Ne4 Qe7 8.
Qe2 O-O 9. Bd2 c6 10. O-O Nxe4 11. Bxe4 f5 12. Bd3 b5 13. e4 Nf6 14. a3 Bd7 15.
c4 Qe8 16. Bc3 fxe4 17. Bxe4 Bd4 18. Bb4 Nxe4 19. Qxe4 c5 20. Bxc5 Bc6 21. Qc2
Bxc5 22. Ng5 Qh5 23. cxb5 Bxb5 24. Qb3+ Kh8 25. Qxb5 Bxf2+ 26. Rxf2 Rxf2 27.
Kxf2 Qxg5 28. Rf1 Rf8+ 29. Kg1 Rxf1+ 30. Qxf1 h6 31. Qe2 Qf4 32. Qf2 Qc1+ 33.
Qf1 Qxb2 34. Qf8+ Kh7 35. Qf5+ Kg8 36. Qe6+ Kh8 37. Qc8+ Kh7 38. Qf5+ Kg8 39.
Qe6+ Kh8 40. Qc8+ Kh7 41. Qf5+ 1/2-1/2

[Event "4NCL Division 3 North"]
[Site "Doncaster, ENG"]
[Date "2018.05.07"]
[Round "11.81"]
[White "Flynn, David"]
[Black "Baxter, Harold"]
[Result "1/2-1/2"]
[WhiteElo "1864"]
[BlackElo "1863"]
[PlyCount "67"]
[EventDate "2018.05.07"]
[WhiteTeam "Ashfield-Breadsall 2"]
[BlackTeam "Bradford DCA Knights C"]

1. e4 c5 2. c3 Nf6 3. e5 Nd5 4. Bc4 Nb6 5. Bb3 Nc6 6. Nf3 e6 7. O-O d6 8. exd6
Bxd6 9. d4 O-O 10. dxc5 Bxc5 11. Bf4 Qxd1 12. Rxd1 h6 13. Nbd2 f5 14. Nc4 Nxc4
15. Bxc4 a6 16. Bd6 Bxd6 17. Rxd6 Kf7 18. Rad1 Ke7 19. g3 Rd8 20. Rxd8 Nxd8 21.
Ne5 Nf7 22. Nxf7 Kxf7 23. Rd6 b5 24. Bf1 Ra7 25. f4 Ke7 26. Rd1 Rd7 27. Rxd7+
Bxd7 28. Kf2 e5 29. fxe5 Ke6 30. Ke3 Kxe5 31. a4 g5 32. axb5 axb5 33. b4 Kd5
34. Bd3 1/2-1/2

[Event "4NCL Division 3 North"]
[Site "Doncaster, ENG"]
[Date "2018.05.07"]
[Round "11.82"]
[White "Bramson, Mike"]
[Black "Burke, Steven J"]
[Result "1/2-1/2"]
[WhiteElo "1826"]
[BlackElo "1916"]
[PlyCount "44"]
[EventDate "2018.05.07"]
[WhiteTeam "Bradford DCA Knights C"]
[BlackTeam "Ashfield-Breadsall 2"]

1. e4 d6 2. d4 Nf6 3. Nc3 e5 4. dxe5 dxe5 5. Qxd8+ Kxd8 6. Be2 h6 7. Be3 a6 8.
f4 Nc6 9. fxe5 Nxe5 10. Nf3 Bd6 11. O-O-O Bd7 12. Rd2 Kc8 13. h3 Bc6 14. Bd3 b5
15. Rf1 Rf8 16. Nd4 b4 17. Nd5 Bxd5 18. exd5 Nxd5 19. Bf5+ Kd8 20. Nc6+ Nxc6
21. Rxd5 Ne7 22. Rd3 Nxf5 1/2-1/2

[Event "4NCL Division 3 North"]
[Site "Doncaster, ENG"]
[Date "2018.05.07"]
[Round "11.83"]
[White "Taylor, Robert P"]
[Black "Johnson, Paul A"]
[Result "0-1"]
[WhiteElo "1787"]
[BlackElo "1831"]
[PlyCount "62"]
[EventDate "2018.05.07"]
[WhiteTeam "Ashfield-Breadsall 2"]
[BlackTeam "Bradford DCA Knights C"]

1. d4 d5 2. Bg5 g6 3. e3 Bg7 4. Bd3 Nf6 5. Nd2 O-O 6. Ngf3 Nbd7 7. c4 c6 8.
cxd5 cxd5 9. Rc1 b6 10. Bf4 Ne8 11. Qa4 Bb7 12. Bb5 Ndf6 13. Ne5 Nd6 14. Nc6
Qd7 15. O-O a6 16. Bd3 b5 17. Ne5 Qe6 18. Qa5 Nc4 19. Bxc4 dxc4 20. b3 cxb3 21.
Nxb3 Qd5 22. f3 Rac8 23. Rc7 Rxc7 24. Qxc7 Re8 25. Re1 Ba8 26. Rc1 Nh5 27. e4
Qd6 28. Nd3 Bxd4+ 29. Kh1 Nxf4 30. Qxd6 exd6 31. Nxf4 Be3 0-1

[Event "4NCL Division 3 North"]
[Site "Doncaster, ENG"]
[Date "2018.05.07"]
[Round "11.86"]
[White "Ther, Mate"]
[Black "Hill, Maurice J"]
[Result "1-0"]
[WhiteElo "1590"]
[BlackElo "1771"]
[PlyCount "75"]
[EventDate "2018.05.07"]
[WhiteTeam "Bradford DCA Knights C"]
[BlackTeam "Ashfield-Breadsall 2"]

1. e4 c5 2. c4 Nc6 3. Ne2 Nf6 4. Nbc3 e6 5. d4 cxd4 6. Nxd4 a6 7. Nxc6 dxc6 8.
Qxd8+ Kxd8 9. Bf4 Bb4 10. O-O-O+ Nd7 11. Na4 Ba5 12. Be2 Bc7 13. Be3 Ke8 14. f4
b5 15. Nc3 Bb6 16. Bxb6 Nxb6 17. Rd6 Bd7 18. Rhd1 Ra7 19. cxb5 Nc8 20. R6d2
cxb5 21. Nxb5 axb5 22. Rxd7 Rxd7 23. Bxb5 Ke7 24. Rxd7+ Kf6 25. e5+ Kg6 26. a4
Nb6 27. Rd6 Rc8+ 28. Rc6 Rxc6+ 29. Bxc6 Kf5 30. g3 f6 31. a5 Nc8 32. exf6 Kxf6
33. Be4 h6 34. b4 Ke7 35. b5 Kd8 36. b6 Nd6 37. Bd3 Kc8 38. a6 1-0

[Event "4NCL Division 3 North"]
[Site "Doncaster, ENG"]
[Date "2018.05.07"]
[Round "11.91"]
[White "Clark, Matthew DH"]
[Black "Kildea, Robbie"]
[Result "1-0"]
[WhiteElo "1907"]
[BlackElo "1680"]
[PlyCount "69"]
[EventDate "2018.05.07"]
[WhiteTeam "Shropshire 2"]
[BlackTeam "Enniscorthy"]

1. e4 d5 2. exd5 Nf6 3. Bb5+ Nbd7 4. Nc3 a6 5. Be2 Nb6 6. Nf3 Bf5 7. d4 Nbxd5
8. Nxd5 Nxd5 9. c3 e6 10. O-O Bd6 11. Re1 O-O 12. Bd3 Bxd3 13. Qxd3 Nf6 14. Bg5
c5 15. Rad1 h6 16. dxc5 Bxh2+ 17. Nxh2 hxg5 18. Qg3 Qa5 19. Qxg5 Rad8 20. a3
Rxd1 21. Rxd1 Rd8 22. Rxd8+ Qxd8 23. Nf1 Qa5 24. Qe3 Qb5 25. b4 Nd5 26. Qd4 Qa4
27. c4 Nf6 28. Qd8+ Ne8 29. Qb6 Qxa3 30. Qxb7 Qa2 31. Qe7 Nf6 32. c6 Ng4 33.
Qd8+ Kh7 34. Qh4+ Nh6 35. c7 1-0

[Event "4NCL Division 3 North"]
[Site "Doncaster, ENG"]
[Date "2018.05.07"]
[Round "11.92"]
[White "Copeland, Dean"]
[Black "Lewis, Christopher D"]
[Result "1/2-1/2"]
[WhiteElo "1672"]
[BlackElo "1892"]
[PlyCount "58"]
[EventDate "2018.05.07"]
[WhiteTeam "Enniscorthy"]
[BlackTeam "Shropshire 2"]

1. e4 c6 2. d4 d5 3. e5 c5 4. dxc5 Nc6 5. Bb5 e6 6. Be3 Bd7 7. Bxc6 Bxc6 8. Nf3
Ne7 9. c3 Nf5 10. Bd4 Qc7 11. O-O Bb5 12. Re1 Bxc5 13. Bxc5 Qxc5 14. Na3 O-O
15. Qd2 Rfd8 16. Nc2 Rac8 17. Ncd4 Nxd4 18. Nxd4 Bd7 19. Re3 b5 20. b4 Qe7 21.
Nb3 Rc4 22. Rae1 Qg5 23. Qd3 a6 24. Rg3 Rg4 25. Rxg4 Qxg4 26. Re3 h5 27. Rg3
Qe4 28. Qxe4 dxe4 29. Nd4 Bc6 1/2-1/2